Neistota spotrebiteľského správania

Analýza neistoty spotrebiteľského správania a rozhodovania v podmienkach rizika. Výpočty očakávaného úžitku a preferencií prostredníctvom funkcie užitočnosti a pravdepodobnosti.

Guardado en:
Detalles Bibliográficos
Autor principal: Lukačková, Andrea, 1992-
Formato: Capítulo de libro
Lenguaje:eslovaco
Materias:
Etiquetas: Agregar Etiqueta
Sin Etiquetas, Sea el primero en etiquetar este registro!

MARC

LEADER 00000naa$a2200000$$$4500
001 0251007
005 20240502074026.9
041 0 |a slo 
044 |a SK 
245 1 0 |a Neistota spotrebiteľského správania  |c Andrea Lukačková 
520 |a Analýza neistoty spotrebiteľského správania a rozhodovania v podmienkach rizika. Výpočty očakávaného úžitku a preferencií prostredníctvom funkcie užitočnosti a pravdepodobnosti. 
610 2 0 |a riziko 
610 2 0 |a úžitok 
610 2 0 |a spotrebitelia 
610 2 0 |a pravdepodobnosť 
100 1 |a Lukačková, Andrea, 1992-